La ansiedad en relación con el pensamiento y el olvido
Đã lưu trong:
| Tác giả chính: | |
|---|---|
| Định dạng: | Sách |
| Ngôn ngữ: | Tiếng Tây Ban Nha |
| Được phát hành: |
Buenos Aires
Librería del Colegio
1970
|
| Loạt: | Nueva Pedagogía, 30
|
| Những chủ đề: | |
| Các nhãn: |
Thêm thẻ
Không có thẻ, Là người đầu tiên thẻ bản ghi này!
|
MARC
| LEADER | 00000nam a2200000 a 4500 | ||
|---|---|---|---|
| 001 | UCW5120 | ||
| 003 | CL-VaPUC | ||
| 005 | 20240820105705.0 | ||
| 008 | 901205e19700000AG |||||||||||||||||spa|d | ||
| 999 | |c 218629 |d 218627 | ||
| 040 | |c Pontificia Universidad Católica de Valparaíso | ||
| 082 | 0 | 4 | |a 370.165 |b LIG |2 21 |
| 100 | |a Lighthall, Frederick F. |e autor |9 309995 | ||
| 245 | 1 | 3 | |a La ansiedad en relación con el pensamiento y el olvido |
| 260 | |a Buenos Aires |b Librería del Colegio |c 1970 | ||
| 300 | |a 43 p | ||
| 490 | 0 | |a Nueva Pedagogía, 30 | |
| 583 | |a last modification |c 19901205 00:00:00 |k Rodrigo Vera | ||
| 650 | 0 | |a Psicología educacional |9 307830 | |
| 650 | 0 | |a Ansiedad |9 307519 |x Aspectos pedagógicos | |
| 650 | 0 | |a Psicología del aprendizaje |9 306854 | |
| 942 | |c BK |2 ddc | ||
| 945 | |d 19901205 00:00:00 | ||
| 952 | |0 0 |1 0 |4 0 |6 370_165000000000000_LIG_1970 |7 0 |8 P |9 208465 |a BIBEDU |b BIBEDU |c BIBEDU_PB |d 2019-11-15 |i 2763702 |o 370.165 LIG 1970 |p 2763702 |r 2024-01-25 |w 2019-11-15 |y BK |k EDU | ||
| 952 | |0 0 |1 0 |4 0 |6 370_165000000000000_LIG_1970 |7 0 |8 P |9 208466 |a BIBEDU |b BIBEDU |c BIBEDU_PB |d 2019-11-15 |i 1557165 |o 370.165 LIG 1970 |p 1557165 |r 2019-11-15 |w 2019-11-15 |y BK |k EDU | ||
| 952 | |0 0 |1 0 |4 0 |6 370_165000000000000_LIG_1970 |7 0 |8 P |9 208467 |a BIBEDU |b BIBEDU |c BIBEDU_PB |d 2019-11-15 |i 1557157 |o 370.165 LIG 1970 |p 1557157 |r 2019-11-15 |w 2019-11-15 |y BK |k EDU | ||
| 952 | |0 0 |1 0 |4 0 |6 370_165000000000000_LIG_1970 |7 0 |8 P |9 208468 |a BIBEDU |b BIBEDU |c BIBEDU_PB |d 2019-11-15 |i 1557149 |o 370.165 LIG 1970 |p 1557149 |r 2024-01-25 |w 2019-11-15 |y BK |k EDU | ||